NCAA FOOTBALL OLD LOGOS #2 - Statistics

General Stats
  • This quiz has been taken 595 times
  • The average score is 14 of 20
Answer Stats
Picture Answer % Correct
Louisville Cardinals
97%
Tennessee Volunteers
96%
Tulane Green Wave
95%
Alabama Crimson Tide
92%
USC Trojans
92%
Kansas Jayhawks
90%
Georgia Bulldogs
88%
Kentucky Wildcats
83%
Hawaii Warriors
81%
Washington State Cougars
78%
Missouri Tigers
72%
East Carolina Pirates
61%
Iowa Hawkeyes
61%
Air Force Falcons
53%
UCF Knights
53%
Texas A&M Aggies
39%
Illinois Fighting Illini
37%
San Diego State Aztecs
36%
Army Black Knights
30%
Cincinnati Bearcats
20%
No matching quizzes found
Score Distribution
Percent of People with Each Score
Percentile by Number Answered
Your Score History
You have not taken this quiz